[Event "Paris ch 2005"]
[Site "Paris FRA"]
[Date "2005.07.09"]
[Round "1.29"]
[White "Shirazi, Kamran"]
[Black "Morelle, Ludovic"]
[Result "1/2-1/2"]
[WhiteElo "2410"]
[BlackElo "2232"]
[PlyCount "84"]
[EventDate "2005.07.09"]
[EventType "swiss"]
[EventRounds "9"]
[EventCountry "FRA"]
[Source "lmi"]
[SourceDate "2005.07.17"]

1. e4 g6 2. d4 Bg7 3. Nc3 c6 4. Be3 d5 5. Qd2 h5 6. Nf3 Nh6 7. Ne5 Ng4 8. Nxg4
hxg4 9. O-O-O Be6 10. exd5 cxd5 11. Bb5+ Nd7 12. Na4 Kf8 13. Bxd7 Bxd7 14. Nc5
b6 15. Nxd7+ Qxd7 16. Kb1 Rc8 17. Qe2 Rc6 18. Rd3 Bf6 19. f3 Re6 20. fxg4 Re4
21. h3 Rxg4 22. Rf1 Re4 23. Qf2 Qe6 24. a4 Kg7 25. Qf3 Rhh4 26. g4 g5 27. c3 a6
28. Bd2 Rh6 29. Kc2 Kg8 30. Kd1 Rg6 31. b3 b5 32. axb5 axb5 33. b4 Bg7 34. Kc2
Rf6 35. Qg2 Qa6 36. Kb2 Rfe6 37. Qf3 Rf6 38. Qh1 Qc6 39. Rxf6 Bxf6 40. Re3 Rxe3
41. Bxe3 e5 42. Qd1 Qc4 1/2-1/2

[Event "Paris ch 2005"]
[Site "Paris FRA"]
[Date "2005.07.09"]
[Round "1.30"]
[White "Struk, Jerzy"]
[Black "Pelikian, Jefferson"]
[Result "1/2-1/2"]
[WhiteElo "2232"]
[BlackElo "2405"]
[PlyCount "84"]
[EventDate "2005.07.09"]
[EventType "swiss"]
[EventRounds "9"]
[EventCountry "FRA"]
[Source "lmi"]
[SourceDate "2005.07.17"]

1. e4 c6 2. d4 d5 3. exd5 cxd5 4. c4 Nf6 5. Nc3 e6 6. Nf3 Be7 7. cxd5 Nxd5 8.
Bd3 Nc6 9. O-O O-O 10. Re1 Bf6 11. Be4 Nce7 12. Ne5 Bd7 13. Qh5 g6 14. Qh3 Bc6
15. Bh6 Bg7 16. Bg5 Qd6 17. Rad1 Nxc3 18. Bxe7 Qxe7 19. Nxc6 bxc6 20. Qxc3 Rac8
21. b4 Qd6 22. Rd3 Rfd8 23. Red1 Qc7 24. g3 Rd6 25. Qc4 Qd7 26. Rc1 Bxd4 27.
Kg2 Kg7 28. f4 h5 29. h4 e5 30. Rcd1 Rd8 31. fxe5 Bxe5 32. Rxd6 Bxd6 33. Bxc6
Qe7 34. Qe4 Qc7 35. b5 Be7 36. Rxd8 Qxd8 37. Qd5 Qc7 38. Qd4+ Kg8 39. Qd7 Qxd7
40. Bxd7 Kg7 41. Kf3 f5 42. a4 Bb4 1/2-1/2

[Event "Paris ch 2005"]
[Site "Paris FRA"]
[Date "2005.07.09"]
[Round "1.31"]
[White "Serafimov, Tervel"]
[Black "Dudognon, Marc"]
[Result "1/2-1/2"]
[WhiteElo "2405"]
[BlackElo "2227"]
[PlyCount "107"]
[EventDate "2005.07.09"]
[EventType "swiss"]
[EventRounds "9"]
[EventCountry "FRA"]
[Source "lmi"]
[SourceDate "2005.07.17"]

1. c4 e5 2. Nc3 Nc6 3. g3 g6 4. Bg2 Bg7 5. d3 Nge7 6. e3 O-O 7. Nge2 d6 8. O-O
f5 9. Rb1 g5 10. f4 h6 11. b4 Ng6 12. b5 Nce7 13. Qc2 c6 14. bxc6 bxc6 15. Bd2
Qc7 16. Nb5 Qd8 17. Bb4 Rf6 18. c5 d5 19. Nd6 Bd7 20. Bc3 Rf8 21. Nb7 Qe8 22.
Nd6 Qd8 23. Rb7 Nc8 24. Qa4 Nxd6 25. cxd6 Rf7 26. Rfb1 exf4 27. Bxg7 Rxg7 28.
exf4 Qe8 29. Kf2 Qe6 30. Rb8+ Rxb8 31. Rxb8+ Kh7 32. fxg5 hxg5 33. Qxa7 f4 34.
gxf4 gxf4 35. Qd4 Qxd6 36. Rb7 f3 37. Bxf3 Qxh2+ 38. Ke1 Ne5 39. Qe3 Qh4+ 40.
Kd2 Qf6 41. Bh5 c5 42. Nf4 Bc6 43. Rxg7+ Kxg7 44. Be2 d4 45. Nh5+ Kf7 46. Qg3
Qd6 47. Qg7+ Ke8 48. Nf6+ Kd8 49. Qg8+ Ke7 50. Qg7+ Kd8 51. Qg8+ Ke7 52. Qg7+
Kd8 53. Qg8+ Ke7 54. Qg7+ 1/2-1/2

[Event "Paris ch 2005"]
[Site "Paris FRA"]
[Date "2005.07.09"]
[Round "1.32"]
[White "Callet, Emmanuel"]
[Black "Calistri, Tristan"]
[Result "0-1"]
[WhiteElo "2223"]
[BlackElo "2389"]
[PlyCount "64"]
[EventDate "2005.07.09"]
[EventType "swiss"]
[EventRounds "9"]
[EventCountry "FRA"]
[Source "lmi"]
[SourceDate "2005.07.17"]

1. e4 c5 2. Nf3 Nc6 3. Bb5 g6 4. O-O Bg7 5. c3 Nf6 6. Re1 O-O 7. h3 e5 8. d4
cxd4 9. cxd4 exd4 10. e5 Ne8 11. Bg5 f6 12. exf6 Bxf6 13. Bxf6 Qxf6 14. Bxc6
dxc6 15. Nbd2 Nd6 16. Rc1 Be6 17. Qa4 Nb5 18. Re5 Rad8 19. Ne4 Qf4 20. Re1 Bd5
21. Neg5 d3 22. Qd1 Nd4 23. Qxd3 Nxf3+ 24. Nxf3 Bxf3 25. Qxf3 Qxf3 26. gxf3 Rd2
27. R1e2 Rxe2 28. Rxe2 Rxf3 29. Kg2 Rf7 30. Kg3 Rd7 31. f4 Kf7 32. Rc2 Kf6 0-1

[Event "Paris ch 2005"]
[Site "Paris FRA"]
[Date "2005.07.09"]
[Round "1.33"]
[White "Doucet, Christian"]
[Black "Zaragatski, Ilja"]
[Result "0-1"]
[WhiteElo "2277"]
[BlackElo "2389"]
[PlyCount "64"]
[EventDate "2005.07.09"]
[EventType "swiss"]
[EventRounds "9"]
[EventCountry "FRA"]
[Source "lmi"]
[SourceDate "2005.07.17"]

1. d4 d5 2. c4 Nc6 3. Bf4 e5 4. dxe5 Bb4+ 5. Nd2 dxc4 6. Rc1 Nge7 7. Ngf3 b5 8.
g3 h6 9. h4 Nd5 10. Bg2 Nxf4 11. gxf4 Bb7 12. Kf1 Nd4 13. Rg1 Ne6 14. Qc2 Nxf4
15. Nxc4 Nxg2 16. Rxg2 Bxf3 17. exf3 O-O 18. Ne3 Kh8 19. Qe4 Ba5 20. b4 Qd2 21.
Rb1 Bb6 22. Rd1 Qxa2 23. Kg1 Rad8 24. Rxd8 Rxd8 25. Nf5 g6 26. Nxh6 Qe6 27. Qf4
Rd1+ 28. Kh2 Rd7 29. h5 Bd4 30. Nxf7+ Qxf7 31. Qh6+ Qh7 32. Qf8+ Qg8 0-1

[Event "Paris ch 2005"]
[Site "Paris FRA"]
[Date "2005.07.09"]
[Round "1.35"]
[White "Zharkov, Hleb"]
[Black "Pira, Davoud"]
[Result "0-1"]
[WhiteElo "2219"]
[BlackElo "2385"]
[PlyCount "74"]
[EventDate "2005.07.09"]
[EventType "swiss"]
[EventRounds "9"]
[EventCountry "FRA"]
[Source "lmi"]
[SourceDate "2005.07.17"]

1. d4 Nf6 2. c4 e6 3. Nc3 Bb4 4. Qc2 O-O 5. a3 Bxc3+ 6. Qxc3 Ne4 7. Qc2 f5 8.
g3 Qf6 9. Nf3 d6 10. b4 Nd7 11. Bb2 Qh6 12. Bg2 Ndf6 13. Bc1 Qh5 14. Nd2 e5 15.
dxe5 dxe5 16. Nxe4 fxe4 17. h3 Be6 18. Be3 Rad8 19. Bxe4 Nxe4 20. Qxe4 b5 21.
Qh4 Qxh4 22. gxh4 Bxc4 23. Bxa7 Rf4 24. Be3 Re4 25. Rg1 Be6 26. Rc1 Rd7 27. h5
Bxh3 28. h6 g6 29. Rc3 Be6 30. f3 Rc4 31. Rxc4 Bxc4 32. Rg5 Re7 33. Bc1 e4 34.
f4 Rf7 35. Kf2 Rd7 36. Rc5 Rd1 37. Be3 Kf7 0-1

[Event "Paris ch 2005"]
[Site "Paris FRA"]
[Date "2005.07.09"]
[Round "1.36"]
[White "Spiridonov, Nikola"]
[Black "Lepan, Marvin"]
[Result "1-0"]
[WhiteElo "2381"]
[BlackElo "2217"]
[PlyCount "87"]
[EventDate "2005.07.09"]
[EventType "swiss"]
[EventRounds "9"]
[EventCountry "FRA"]
[Source "lmi"]
[SourceDate "2005.07.17"]

1. Nf3 d5 2. c4 c6 3. e3 Nf6 4. b3 Bg4 5. Bb2 e6 6. Be2 Nbd7 7. O-O Bd6 8. cxd5
exd5 9. d3 O-O 10. Nbd2 Re8 11. a3 Nf8 12. b4 Ng6 13. Re1 Nd7 14. Qb3 a6 15.
Bc3 Bxf3 16. Nxf3 Nde5 17. Bxe5 Nxe5 18. a4 Nxf3+ 19. Bxf3 Qh4 20. g3 Qxb4 21.
Qa2 Qa5 22. Qc2 d4 23. e4 Bb4 24. Reb1 Bc3 25. Ra2 Qc7 26. Bd1 b5 27. Qc1 Kh8
28. Bb3 f5 29. axb5 cxb5 30. Bd5 Ra7 31. Qg5 fxe4 32. Bxe4 Qe5 33. Qh4 h6 34.
Qg4 g5 35. Qh5 Re6 36. Re2 b4 37. Rf1 Qg7 38. h4 gxh4 39. Qxh4 b3 40. Qd8+ Qg8
41. Qxg8+ Kxg8 42. Bd5 Kg7 43. Rxe6 b2 44. Rb6 1-0

[Event "Paris ch 2005"]
[Site "Paris FRA"]
[Date "2005.07.09"]
[Round "1.37"]
[White "Tillet, Louis-Juan"]
[Black "Garcia Castro, Pablo"]
[Result "0-1"]
[WhiteElo "2216"]
[BlackElo "2377"]
[PlyCount "54"]
[EventDate "2005.07.09"]
[EventType "swiss"]
[EventRounds "9"]
[EventCountry "FRA"]
[Source "lmi"]
[SourceDate "2005.07.17"]

1. e4 g6 2. d4 Bg7 3. Nc3 d6 4. Bc4 Nc6 5. Nf3 Nf6 6. d5 Nb8 7. h3 c6 8. O-O
O-O 9. Re1 b5 10. Bf1 a6 11. dxc6 Nxc6 12. a4 b4 13. Nd5 Nd7 14. a5 Rb8 15. Ra2
Re8 16. Be3 Nxa5 17. Qa1 Nc6 18. Bxa6 e6 19. Nf4 b3 20. cxb3 Nb4 21. Bxc8 Rxc8
22. Ra7 Nc2 23. Qa4 Nxe1 24. Rxd7 Nxf3+ 25. gxf3 Qg5+ 26. Kf1 Ra8 27. Ra7 Qd8
0-1

[Event "Paris ch 2005"]
[Site "Paris FRA"]
[Date "2005.07.09"]
[Round "1.38"]
[White "Draoui, Najib"]
[Black "Vasilescu, Victor"]
[Result "1-0"]
[WhiteElo "2374"]
[BlackElo "2208"]
[PlyCount "71"]
[EventDate "2005.07.09"]
[EventType "swiss"]
[EventRounds "9"]
[EventCountry "FRA"]
[Source "lmi"]
[SourceDate "2005.07.17"]

1. e4 c5 2. Nf3 e6 3. d4 cxd4 4. Nxd4 Nc6 5. Nc3 a6 6. Be2 Nge7 7. Be3 Nxd4 8.
Qxd4 b5 9. O-O Nc6 10. Qd2 Be7 11. f4 d6 12. Bf3 O-O 13. Qf2 Bd7 14. Rfd1 Qb8
15. Kh1 Na5 16. e5 d5 17. Bxd5 exd5 18. Nxd5 Bd8 19. Nf6+ Bxf6 20. exf6 Bf5 21.
Rd5 Qc8 22. Qg3 g6 23. Qg5 Kh8 24. Rad1 Nc6 25. Bc5 Rg8 26. Qh6 Qe6 27. Rd6 Qe2
28. R6d2 Qe6 29. Bg1 Qe4 30. Rd3 Rae8 31. Re3 Qxe3 32. Bxe3 Rxe3 33. h3 Be4 34.
Rd2 Re1+ 35. Kh2 Rc1 36. Re2 1-0

[Event "Paris ch 2005"]
[Site "Paris FRA"]
[Date "2005.07.09"]
[Round "1.39"]
[White "Lamorelle, Julien"]
[Black "Nguyen, Chi-Minh"]
[Result "1/2-1/2"]
[WhiteElo "2202"]
[BlackElo "2371"]
[PlyCount "53"]
[EventDate "2005.07.09"]
[EventType "swiss"]
[EventRounds "9"]
[EventCountry "FRA"]
[Source "lmi"]
[SourceDate "2005.07.17"]

1. e4 e6 2. d4 d5 3. e5 c5 4. c3 Nc6 5. Nf3 Bd7 6. a3 f6 7. exf6 Nxf6 8. Bf4
Be7 9. Bd3 O-O 10. O-O Qb6 11. b4 cxd4 12. cxd4 Ng4 13. Bg5 Nxf2 14. Rxf2 Bxg5
15. Nxg5 Rxf2 16. Bxh7+ Kf8 17. Kxf2 Nxd4 18. Ke1 Rc8 19. Ra2 Nc2+ 20. Rxc2
Qg1+ 21. Kd2 Qxg2+ 22. Kc1 Qxg5+ 23. Kb2 g6 24. Rxc8+ Bxc8 25. Qc2 Bd7 26. Qxg6
Qe5+ 27. Kb3 1/2-1/2

[Event "Paris ch 2005"]
[Site "Paris FRA"]
[Date "2005.07.09"]
[Round "1.40"]
[White "Ak Hirawan, Mohd Omar"]
[Black "Leroux, Richard"]
[Result "1-0"]
[WhiteElo "2364"]
[BlackElo "2200"]
[PlyCount "121"]
[EventDate "2005.07.09"]
[EventType "swiss"]
[EventRounds "9"]
[EventCountry "FRA"]
[Source "lmi"]
[SourceDate "2005.07.17"]

1. e4 c5 2. Nf3 Nc6 3. d4 cxd4 4. Nxd4 Nf6 5. Nc3 e5 6. Ndb5 d6 7. Bg5 a6 8.
Na3 b5 9. Nd5 Be7 10. Bxf6 Bxf6 11. c3 Bg5 12. Nc2 Rb8 13. Be2 O-O 14. Bg4 Be6
15. O-O a5 16. Nce3 Bxe3 17. Nxe3 Ne7 18. Qd2 Bxg4 19. Nxg4 Qc7 20. Ne3 b4 21.
c4 b3 22. Rfd1 Rfd8 23. axb3 Rxb3 24. Qxa5 Qxa5 25. Rxa5 Rxb2 26. Rxe5 Kf8 27.
Ra5 Rbb8 28. Ra6 Ng6 29. Raxd6 Rxd6 30. Rxd6 Ne5 31. f4 Rb1+ 32. Kf2 Rb2+ 33.
Kf1 Ng6 34. g3 Rxh2 35. c5 f6 36. Nf5 Rc2 37. Rd8+ Kf7 38. Rd7+ Kf8 39. Rxg7
Rxc5 40. Rxh7 Rc6 41. Kf2 Ke8 42. Kf3 Nf8 43. Re7+ Kd8 44. Ra7 Ne6 45. Kg4 Nc5
46. Kf3 Re6 47. Ra2 Rb6 48. Re2 Nd7 49. Rd2 Ke8 50. Nd6+ Kf8 51. Kg4 Rc6 52.
Kh5 Ke7 53. Nf5+ Ke8 54. Rd6 Rc4 55. Re6+ Kf8 56. Kg6 Rc3 57. Ra6 Rc8 58. Ra7
Rd8 59. Ne3 Nc5 60. Rf7+ Kg8 61. Ng4 1-0

[Event "Paris ch 2005"]
[Site "Paris FRA"]
[Date "2005.07.09"]
[Round "1.41"]
[White "Montabord, Manuel"]
[Black "Onkoud, Abdelaziz"]
[Result "1/2-1/2"]
[WhiteElo "2200"]
[BlackElo "2361"]
[PlyCount "101"]
[EventDate "2005.07.09"]
[EventType "swiss"]
[EventRounds "9"]
[EventCountry "FRA"]
[Source "lmi"]
[SourceDate "2005.07.17"]

1. e4 c5 2. Nf3 d6 3. Bc4 Nf6 4. d3 Nc6 5. c3 e6 6. Bb3 Be7 7. O-O b5 8. Re1
Bb7 9. Nbd2 d5 10. exd5 exd5 11. d4 cxd4 12. cxd4 O-O 13. Bc2 Re8 14. Nf1 Ne4
15. Ng3 Nxg3 16. hxg3 g6 17. Be3 Rc8 18. Rc1 Na5 19. Bd3 Nc4 20. Re2 a6 21. b3
Nxe3 22. Rxe3 Bf6 23. Rxe8+ Qxe8 24. b4 Kg7 25. Rxc8 Bxc8 26. Qe2 Qxe2 27. Bxe2
Bg4 28. Kf1 Kf8 29. Ke1 Ke7 30. Kd2 Bxf3 31. Bxf3 Bxd4 32. Bxd5 Bxf2 33. g4 Bb6
34. Bb7 a5 35. bxa5 Bxa5+ 36. Ke2 Ke6 37. Ba6 b4 38. Bc4+ Kf6 39. Kf3 Bc7 40.
Ba6 Kg5 41. Bc8 h6 42. Bd7 Kf6 43. Bc8 Ke5 44. Bd7 g5 45. Bc8 Bd8 46. Bd7 Be7
47. Bc8 Bf8 48. Bd7 Bg7 49. Bc8 Kd5 50. Bf5 Bf8 51. Bh7 1/2-1/2

[Event "Paris ch 2005"]
[Site "Paris FRA"]
[Date "2005.07.09"]
[Round "1.43"]
[White "Guerin, Francois"]
[Black "Salaun, Yann"]
[Result "1/2-1/2"]
[WhiteElo "2171"]
[BlackElo "2345"]
[PlyCount "127"]
[EventDate "2005.07.09"]
[EventType "swiss"]
[EventRounds "9"]
[EventCountry "FRA"]
[Source "lmi"]
[SourceDate "2005.07.17"]

1. e4 c5 2. Nf3 e6 3. d4 cxd4 4. Nxd4 Nc6 5. Nc3 a6 6. g3 Nge7 7. Bg2 Nxd4 8.
Qxd4 Nc6 9. Qe3 b5 10. O-O Bb7 11. f4 Na5 12. Kh1 Rc8 13. f5 Nc4 14. Qe2 Be7
15. Nd1 O-O 16. Ne3 Nxe3 17. Bxe3 Bf6 18. c3 Rc4 19. Bg1 Re8 20. Qd3 Qa8 21.
fxe6 Rxe6 22. Qxd7 Bxe4 23. Qd2 b4 24. Bd4 Bxd4 25. cxd4 Bxg2+ 26. Qxg2 Qxg2+
27. Kxg2 Rxd4 28. Rf2 h5 29. Rc1 Rde4 30. Rc7 Re7 31. Rc6 R4e6 32. Rc5 g6 33.
Rc4 Re4 34. Rc6 a5 35. Ra6 R4e5 36. h4 Kg7 37. b3 Rc7 38. Kh2 Rcc5 39. Ra7 Rf5
40. Rxf5 Rxf5 41. Kg2 Kf6 42. Ra6+ Ke7 43. Kg1 Kd7 44. Kg2 Kc7 45. Kg1 Kb7 46.
Rd6 Rc5 47. Rd7+ Rc7 48. Rd2 Rc3 49. Kg2 Kc6 50. Rf2 f5 51. Rd2 Re3 52. Kf2 Re4
53. Kf3 Kc5 54. Rd8 Rg4 55. Ra8 Kb6 56. Rf8 Kc5 57. Ra8 Kd4 58. Rxa5 Kc3 59. a3
Kxb3 60. axb4 Kxb4 61. Rd5 Kc4 62. Ra5 Kd4 63. Ra4+ Kc3 64. Ra6 1/2-1/2

[Event "Paris ch 2005"]
[Site "Paris FRA"]
[Date "2005.07.09"]
[Round "1.44"]
[White "Mingachev, Mansur"]
[Black "Broca, Alexandre"]
[Result "1-0"]
[WhiteElo "2337"]
[BlackElo "2166"]
[PlyCount "77"]
[EventDate "2005.07.09"]
[EventType "swiss"]
[EventRounds "9"]
[EventCountry "FRA"]
[Source "lmi"]
[SourceDate "2005.07.17"]

1. d4 c5 2. e3 cxd4 3. exd4 b6 4. Bd3 Bb7 5. Nf3 Nf6 6. O-O e6 7. Bg5 Be7 8.
Nbd2 d6 9. c3 Nbd7 10. Re1 O-O 11. Nf1 Re8 12. Ng3 a6 13. a4 Ra7 14. Nd2 h6 15.
Be3 Nd5 16. Nh5 Bf8 17. Ne4 Nxe3 18. Rxe3 f5 19. Neg3 Re7 20. Qe2 Qe8 21. Re1
g6 22. Nf4 e5 23. Bc4+ Kh7 24. dxe5 dxe5 25. h4 Bg7 26. h5 Nf8 27. hxg6+ Nxg6
28. Nxg6 Qxg6 29. f4 e4 30. Nh5 b5 31. Ba2 Qc6 32. Rd1 Ra8 33. Rg3 bxa4 34.
Nxg7 Rxg7 35. Rxg7+ Kxg7 36. Qe3 Re8 37. Rd5 Qf6 38. Rd7+ Re7 39. Qg3+ 1-0

[Event "Paris ch 2005"]
[Site "Paris FRA"]
[Date "2005.07.10"]
[Round "2.2"]
[White "Sadvakasov, Darmen"]
[Black "Sher, Miron N"]
[Result "1-0"]
[WhiteElo "2610"]
[BlackElo "2420"]
[PlyCount "61"]
[EventDate "2005.07.09"]
[EventType "swiss"]
[EventRounds "9"]
[EventCountry "FRA"]
[Source "lmi"]
[SourceDate "2005.07.17"]

1. e4 c6 2. d4 d5 3. Nd2 dxe4 4. Nxe4 Bf5 5. Ng3 Bg6 6. Bc4 e6 7. N1e2 Bd6 8.
h4 h6 9. Nf4 Bxf4 10. Bxf4 Nf6 11. Qe2 O-O 12. O-O-O Nbd7 13. h5 Bh7 14. Kb1
Nd5 15. Bd6 Re8 16. Bd3 Bxd3 17. Qxd3 b5 18. Ne4 N7f6 19. Nxf6+ Qxf6 20. Qe2
Qd8 21. Be5 a5 22. c3 a4 23. a3 Ra7 24. g4 Rd7 25. Ka1 Nb6 26. g5 hxg5 27. h6
f6 28. hxg7 Rxg7 29. Rh6 Nd5 30. Qh5 Kf8 31. Bd6+ 1-0

[Event "Paris ch 2005"]
[Site "Paris FRA"]
[Date "2005.07.10"]
[Round "2.3"]
[White "Chabanon, Jean-Luc"]
[Black "Landa, Konstantin"]
[Result "1/2-1/2"]
[WhiteElo "2426"]
[BlackElo "2609"]
[PlyCount "121"]
[EventDate "2005.07.09"]
[EventType "swiss"]
[EventRounds "9"]
[EventCountry "FRA"]
[Source "lmi"]
[SourceDate "2005.07.17"]

1. d4 Nf6 2. c4 e6 3. Nf3 d5 4. Nc3 Bb4 5. Bg5 h6 6. Bxf6 Qxf6 7. e3 O-O 8. Be2
dxc4 9. O-O c5 10. Ne4 Qe7 11. dxc5 Bxc5 12. Nxc5 Qxc5 13. Qd4 Qxd4 14. Nxd4 c3
15. bxc3 Nd7 16. Rab1 Nc5 17. Rb4 b6 18. Bf3 Bb7 19. Nb3 Bxf3 20. gxf3 Rfc8 21.
Rd1 Nxb3 22. Rxb3 Rc7 23. Rd4 Kf8 24. Kf1 Ke7 25. Ke2 Rd8 26. Kd3 e5 27. Rxd8
Kxd8 28. Rb5 f6 29. Rd5+ Ke7 30. c4 Ke6 31. f4 exf4 32. exf4 g6 33. Kd4 Rc6 34.
Rb5 Rd6+ 35. Kc3 Rd1 36. a4 Ra1 37. c5 Rxa4 38. cxb6 axb6 39. f5+ gxf5 40.
Rxb6+ Ke5 41. Kd3 Rg4 42. f3 Rh4 43. Rb5+ Kf4 44. Rb4+ Kg5 45. Rb2 Rh3 46. Ke3
f4+ 47. Ke4 f5+ 48. Ke5 Rxf3 49. Rg2+ Kh4 50. Kxf5 h5 51. Ke4 Rf1 52. Ra2 Kg4
53. Rg2+ Kh3 54. Ra2 Kg4 55. Rg2+ Kh4 56. Ra2 Kg5 57. Rg2+ Kf6 58. h4 f3 59.
Ra2 f2 60. Kf3 Rh1 61. Rxf2 1/2-1/2

[Event "Paris ch 2005"]
[Site "Paris FRA"]
[Date "2005.07.10"]
[Round "2.4"]
[White "Tregubov, Pavel V"]
[Black "Marzolo, Cyril"]
[Result "1-0"]
[WhiteElo "2607"]
[BlackElo "2388"]
[PlyCount "47"]
[EventDate "2005.07.09"]
[EventType "swiss"]
[EventRounds "9"]
[EventCountry "FRA"]
[Source "lmi"]
[SourceDate "2005.07.17"]

1. d4 Nf6 2. c4 g6 3. Nc3 d5 4. Nf3 Bg7 5. e3 O-O 6. cxd5 Nxd5 7. Bc4 Nb6 8.
Bb3 c5 9. O-O Na6 10. Qe2 cxd4 11. exd4 Nb4 12. Bg5 N4d5 13. Nxd5 Nxd5 14. Qb5
Nc7 15. Qb4 Nd5 16. Qb5 Nc7 17. Qc5 Re8 18. Rad1 Ne6 19. Qc1 Nxg5 20. Nxg5 Rf8
21. Rfe1 Bf5 22. Qf4 Qe8 23. Qh4 h6 24. Nxf7 1-0

[Event "Paris ch 2005"]
[Site "Paris FRA"]
[Date "2005.07.10"]
[Round "2.5"]
[White "Vijayalakshmi, Subbaraman"]
[Black "Ghaem Maghami, Ehsan"]
[Result "1-0"]
[WhiteElo "2414"]
[BlackElo "2603"]
[PlyCount "91"]
[EventDate "2005.07.09"]
[EventType "swiss"]
[EventRounds "9"]
[EventCountry "FRA"]
[Source "lmi"]
[SourceDate "2005.07.17"]

1. d4 Nf6 2. c4 e6 3. Nc3 c5 4. d5 exd5 5. cxd5 g6 6. Nf3 d6 7. e4 Bg7 8. h3 a6
9. a4 O-O 10. Bd3 Re8 11. O-O c4 12. Bc2 Nbd7 13. Re1 Nh5 14. Be3 Ne5 15. Qe2
Nxf3+ 16. Qxf3 Be5 17. Bd1 Bd7 18. g4 Ng7 19. Qg2 Qf6 20. a5 Bd4 21. Bd2 Rab8
22. Rb1 b5 23. Ne2 Bc5 24. Bc3 Qd8 25. b4 cxb3 26. Qf3 h5 27. Ng3 h4 28. Ne2
Re5 29. Nc1 b4 30. Bb2 Qxa5 31. Nd3 Qb6 32. Nxe5 dxe5 33. Bxe5 Re8 34. Bf6 a5
35. Bxb3 a4 36. Bc4 Rc8 37. Rec1 Ne8 38. d6 Nxd6 39. Bd5 Be6 40. Bxe6 fxe6 41.
Be7 Qb7 42. Qf6 Bxf2+ 43. Kf1 Qa6+ 44. Kg2 Bd4 45. Qxd4 Qe2+ 46. Kg1 1-0

[Event "Paris ch 2005"]
[Site "Paris FRA"]
[Date "2005.07.10"]
[Round "2.6"]
[White "Kogan, Artur"]
[Black "Spiridonov, Nikola"]
[Result "1/2-1/2"]
[WhiteElo "2580"]
[BlackElo "2381"]
[PlyCount "95"]
[EventDate "2005.07.09"]
[EventType "swiss"]
[EventRounds "9"]
[EventCountry "FRA"]
[Source "lmi"]
[SourceDate "2005.07.17"]

1. d4 Nf6 2. Nf3 e6 3. c4 b6 4. Nc3 Bb4 5. Qb3 a5 6. Bg5 h6 7. Bh4 Bb7 8. O-O-O
Bxc3 9. Qxc3 d6 10. d5 e5 11. g4 g5 12. Bg3 Nxg4 13. Bh3 Bc8 14. Nxe5 dxe5 15.
f3 f6 16. fxg4 Qd6 17. Qc2 Ba6 18. Bg2 Nd7 19. Bf2 O-O-O 20. a3 h5 21. h3 Rde8
22. Be4 Kb8 23. Kb1 hxg4 24. hxg4 Bc8 25. Bg6 Reg8 26. Bf5 Rxh1 27. Rxh1 Nc5
28. Rh7 Bxf5 29. Qxf5 a4 30. Be3 Rf8 31. Bd2 e4 32. Rh3 Qd7 33. Qxd7 Nxd7 34.
Bc3 f5 35. gxf5 Rxf5 36. Kc2 b5 37. Re3 bxc4 38. Rxe4 Nb6 39. Re8+ Kb7 40. e4
Rf2+ 41. Kd1 g4 42. Be5 c3 43. bxc3 Nc4 44. Ke1 Rf3 45. Bd4 Nxa3 46. Kd2 Nc4+
47. Kc2 g3 48. e5 1/2-1/2

[Event "Paris ch 2005"]
[Site "Paris FRA"]
[Date "2005.07.10"]
[Round "2.7"]
[White "Philippe, Christophe"]
[Black "David, Alberto"]
[Result "0-1"]
[WhiteElo "2411"]
[BlackElo "2579"]
[PlyCount "86"]
[EventDate "2005.07.09"]
[EventType "swiss"]
[EventRounds "9"]
[EventCountry "FRA"]
[Source "lmi"]
[SourceDate "2005.07.17"]

1. e4 e6 2. d4 d5 3. Nc3 Bb4 4. Nge2 Nc6 5. a3 Ba5 6. Qd3 dxe4 7. Qxe4 Nf6 8.
Qh4 Bxc3+ 9. bxc3 Ne7 10. Ng3 Ng6 11. Qg5 O-O 12. Be2 h6 13. Qd2 b6 14. h4 Bb7
15. h5 Ne7 16. Bb2 c5 17. O-O Rc8 18. Rfd1 cxd4 19. cxd4 Bd5 20. a4 Bc4 21. Bf3
Bd5 22. Be2 Bc4 23. Bf3 Qc7 24. Ba3 Rfe8 25. a5 Bd5 26. axb6 axb6 27. Bxe7 Rxe7
28. Bxd5 exd5 29. Rab1 Re6 30. Rb2 Rc6 31. Rc1 Rc3 32. Qe2 Re8 33. Qd2 Rc8 34.
Qe2 Qf4 35. Rd1 Re8 36. Qd2 Qxd2 37. Rxd2 Re1+ 38. Kh2 Rxg3 39. Kxg3 Ne4+ 40.
Kh2 Nxd2 41. Rxb6 Re4 42. Rb8+ Kh7 43. c3 Rh4+ 0-1

[Event "Paris ch 2005"]
[Site "Paris FRA"]
[Date "2005.07.10"]
[Round "2.8"]
[White "Calistri, Tristan"]
[Black "Gouliev, Namig"]
[Result "0-1"]
[WhiteElo "2389"]
[BlackElo "2555"]
[PlyCount "58"]
[EventDate "2005.07.09"]
[EventType "swiss"]
[EventRounds "9"]
[EventCountry "FRA"]
[Source "lmi"]
[SourceDate "2005.07.17"]

1. e4 c5 2. Nf3 d6 3. d4 cxd4 4. Nxd4 Nf6 5. Nc3 a6 6. Be3 e6 7. f3 b5 8. g4 h6
9. Qd2 b4 10. Na4 Nbd7 11. O-O-O Ne5 12. b3 Bd7 13. Nb2 d5 14. Nd3 Nxd3+ 15.
cxd3 e5 16. Ne2 d4 17. Bf2 a5 18. Bg3 Qb6 19. Kb1 Bd6 20. Qb2 a4 21. f4 Nxg4
22. fxe5 Bc5 23. Bh3 axb3 24. axb3 O-O 25. Nf4 Ra3 26. Nd5 Qa7 27. Bxg4 Bxg4
28. Nf6+ gxf6 29. Bh4 Ra8 0-1

[Event "Paris ch 2005"]
[Site "Paris FRA"]
[Date "2005.07.10"]
[Round "2.9"]
[White "Apicella, Manuel"]
[Black "Draoui, Najib"]
[Result "1-0"]
[WhiteElo "2553"]
[BlackElo "2374"]
[PlyCount "123"]
[EventDate "2005.07.09"]
[EventType "swiss"]
[EventRounds "9"]
[EventCountry "FRA"]
[Source "lmi"]
[SourceDate "2005.07.17"]

1. e4 c5 2. Nf3 d6 3. d4 cxd4 4. Nxd4 Nf6 5. Nc3 a6 6. Be3 e5 7. Nb3 Be6 8. f3
Be7 9. Qd2 Nbd7 10. g4 h6 11. O-O-O Qc7 12. Qf2 b5 13. h4 Rb8 14. Rg1 Nb6 15.
g5 Nh5 16. g6 fxg6 17. Rxg6 Bf7 18. Qg1 Kf8 19. Rgxd6 Bxd6 20. Rxd6 Na4 21.
Rxa6 Nxc3 22. Bc5+ Kg8 23. bxc3 Kh7 24. Bh3 Rhd8 25. Bf5+ Kh8 26. Kb2 Ra8 27.
Bd6 Qc4 28. Rxa8 Rxa8 29. Qb6 Kg8 30. Qb7 Qa4 31. a3 Nf4 32. Bh7+ Kxh7 33. Qxf7
b4 34. Bxe5 Qxa3+ 35. Kb1 Qa2+ 36. Kc1 Ne2+ 37. Kd2 Ra7 38. Qf5+ Kh8 39. Qc8+
Kh7 40. cxb4 Ng1 41. Qf5+ Kh8 42. b5 Qa4 43. Qf8+ Kh7 44. Bd4 Rc7 45. Bxg1 Qc4
46. Bc5 Rf7 47. Qd6 Rxf3 48. Qd5 Qxb5 49. e5 Qf1 50. Qe4+ Kg8 51. e6 Qg2+ 52.
Qe2 Qxe2+ 53. Kxe2 Rh3 54. Nd4 Rxh4 55. Kd3 Rh1 56. Nf3 Ra1 57. Ne5 Re1 58. Kd4
Rd1+ 59. Ke4 Re1+ 60. Kd5 Rd1+ 61. Kc6 Re1 62. Bd6 1-0

[Event "Paris ch 2005"]
[Site "Paris FRA"]
[Date "2005.07.10"]
[Round "2.10"]
[White "Zaragatski, Ilja"]
[Black "Drasko, Milan"]
[Result "1/2-1/2"]
[WhiteElo "2389"]
[BlackElo "2516"]
[PlyCount "81"]
[EventDate "2005.07.09"]
[EventType "swiss"]
[EventRounds "9"]
[EventCountry "FRA"]
[Source "lmi"]
[SourceDate "2005.07.17"]

1. e4 e6 2. d4 d5 3. Nd2 Be7 4. Bd3 c5 5. dxc5 Nf6 6. Qe2 Nc6 7. Ngf3 a5 8. O-O
O-O 9. c4 Bxc5 10. e5 Nd7 11. cxd5 exd5 12. Nb3 Be7 13. Bf4 a4 14. Nbd4 Nc5 15.
h3 Nxd3 16. Qxd3 Qb6 17. Qb5 Qxb5 18. Nxb5 Bf5 19. Rfd1 Be4 20. Nfd4 Nb4 21.
Rd2 Nd3 22. Bg3 Bg5 23. Re2 Bc1 24. Rb1 Bg6 25. Nd6 Ra6 26. Rc2 a3 27. bxa3
Bxa3 28. N6f5 Bc5 29. Rxb7 Ra4 30. Rd2 Rxd4 31. Nxd4 Bxd4 32. Rb3 Nc1 33. Rb5
Be4 34. Kh2 Bc3 35. Rd1 Nxa2 36. f3 Bf5 37. Rbxd5 Be6 38. Rd8 g5 39. f4 gxf4
40. Bxf4 Rxd8 41. Rxd8+ 1/2-1/2